000 00376nam a2200157Ia 4500
008 240729s9999 xx 000 0 und d
022 _a2079-9284
245 0 _aCosmetics
260 _aSwitzerland
260 _bMDPI AG
650 _a Chemistry
650 _aScience
856 _uhttps://doaj.org/toc/21578f86e2fd4ab198b3bf6a0908cfb8
942 _2ddc
942 _cDOAJEJ
999 _c67581
_d67581
945 _a1
_bMadushi Gamage
_c1
_dMadushi Gamage